Los frutos de la adversidad
Zapisane w:
| 1. autor: | |
|---|---|
| Format: | Książka |
| Język: | hiszpański |
| Wydane: |
Barcelona
Planeta
1992
|
| Wydanie: | 1a. ed |
| Seria: | Documento
|
| Hasła przedmiotowe: | |
| Etykiety: |
Dodaj etykietę
Nie ma etykietki, Dołącz pierwszą etykiete!
|
MARC
| LEADER | 00000nam a2200000 a 4500 | ||
|---|---|---|---|
| 001 | UCI7020 | ||
| 003 | CL-VaPUC | ||
| 008 | 080605e19920000SP |||||||||||||||||spa|d | ||
| 020 | |a 843204489X | ||
| 082 | 0 | 4 | |a 940.56 |b GAR |2 21 |
| 100 | 0 | |a Garton Ash, Timothy |e author |9 530145 | |
| 245 | 1 | 4 | |a Los frutos de la adversidad |
| 250 | |a 1a. ed | ||
| 300 | |a 481 p | ||
| 942 | |c BK | ||
| 945 | |d 20080605 00:00:00 |a rbrito | ||
| 260 | |a Barcelona |b Planeta |c 1992 | ||
| 650 | 7 | |a HISTORIA DE EUROPA SIGLO 20 |2 CL-VaPUC |9 319599 | |
| 650 | 0 | |a Comunismo |9 255588 | |
| 651 | 0 | |a Europa |9 255156 | |
| 583 | |a last modification |c 20080605 00:00:00 |k Rodrigo Vera | ||
| 490 | 0 | |a Documento | |
| 999 | |c 330438 |d 330436 | ||
| 952 | |0 0 |1 0 |4 0 |6 940_560000000000000_GAR_1992 |7 0 |8 A |9 415974 |a BIBHIS |b BIBHIS |d 2019-11-22 |i 4445473 |o 940.56 GAR 1992 |p 4445473 |r 2025-01-20 |w 2019-11-22 |y BK |k HIS | ||